[Event "Sinnai Cup 15th"]
[Site "Sinnai"]
[Date "2012.11.25"]
[Round "5"]
[White "Lobina, Giulio"]
[Black "Mereu, Matteo"]
[Result "1/2-1/2"]
[WhiteElo "1823"]
[BlackElo "1926"]
[PlyCount "93"]
[EventDate "2012.11.17"]
[EventType "swiss"]
[EventRounds "6"]
[EventCountry "ITA"]
[SourceTitle "EXT 2024"]
[Source "ChessBase"]
[SourceDate "2023.10.10"]
[SourceVersion "1"]
[SourceVersionDate "2023.10.10"]
[SourceQuality "1"]

1. e4 Nc6 2. Nf3 d5 3. exd5 Qxd5 4. Nc3 Qa5 5. Bb5 Bd7 6. 0-0 e6 7. a3 Bd6 8. d4 a6 9. Bd3 Qh5 10. Ne4 Nf6 11. Nxd6+ cxd6 12. Bf4 Qg4 13. Bxd6 Nxd4 14. Ne5 Qxd1 15. Raxd1 Nb5 16. Bxb5 Bxb5 17. c4 Bc6 18. Rfe1 Rc8 19. b4 Ne4 20. Nxc6 Nxd6 21. Rxd6 Rxc6 22. Red1 Rxd6 23. Rxd6 Ke7 24. Rb6 Rb8 25. c5 Kd7 26. Rd6+ Kc7 27. Kf1 b6 28. Rxb6 Rxb6 29. cxb6+ Kxb6 30. a4 Kc6 31. Ke2 Kd5 32. Kd3 e5 33. g4 f6 34. h4 g6 35. h5 e4+ 36. Ke3 Kc4 37. b5 axb5 38. axb5 Kxb5 39. Kxe4 Kc5 40. hxg6 hxg6 41. g5 Kd6 42. gxf6 Ke6 43. f7 Kxf7 44. Ke5 Kg7 45. Ke6 Kh6 46. Kf6 Kh5 47. f4 1/2-1/2

[Event "ITA-ch U20"]
[Site "Castione"]
[Date "2009.08.22"]
[Round "2"]
[White "Mereu, Matteo"]
[Black "Paltrinieri, Nicholas"]
[Result "1-0"]
[WhiteElo "1964"]
[BlackElo "1998"]
[PlyCount "53"]
[EventDate "2009.08.21"]
[EventType "swiss"]
[EventRounds "9"]
[EventCountry "ITA"]
[SourceTitle "EXT 2011"]
[Source "ChessBase"]
[SourceDate "2010.11.26"]
[SourceVersion "1"]
[SourceVersionDate "2010.11.26"]
[SourceQuality "1"]

1. e4 d5 2. d4 dxe4 3. Nc3 Nf6 4. f3 exf3 5. Nxf3 Bf5 6. Bc4 e6 7. Qe2 Be7 8. Be3 c6 9. a4 Nbd7 10. 0-0 0-0 11. Rad1 Nb6 12. Bd3 Bxd3 13. Rxd3 Qc7 14. Ne5 Bd6 15. Bh6 Ne8 16. Bd2 f6 17. Ng4 Qd7 18. Rh3 Nc7 19. Qf2 Qf7 20. Ne4 Be7 21. Qh4 h5 22. Nexf6+ Bxf6 23. Rxf6 Qe8 24. Nh6+ Kh8 25. Nf7+ Qxf7 26. Rxf7 Kg8 27. Qxh5 1-0

[Event "Laconi Perla del Sarcidano op 3rd"]
[Site "Laconi"]
[Date "2007.08.08"]
[Round "8"]
[White "Mereu, Matteo"]
[Black "Gromovs, Sergejs"]
[Result "0-1"]
[WhiteElo "1953"]
[BlackElo "2368"]
[PlyCount "53"]
[EventDate "2007.08.04"]
[EventType "swiss"]
[EventRounds "9"]
[EventCountry "ITA"]
[SourceTitle "EXT 2010"]
[Source "ChessBase"]
[SourceDate "2010.11.25"]
[SourceVersion "1"]
[SourceVersionDate "2010.11.25"]
[SourceQuality "1"]

1. e4 c5 2. Nf3 d6 3. b4 cxb4 4. d4 Nf6 5. Bd3 Bg4 6. Bb2 Nc6 7. Nbd2 e5 8. Qc1 exd4 9. Nxd4 Nxd4 10. Bxd4 Be7 11. 0-0 0-0 12. f3 Be6 13. Rf2 d5 14. Qb2 a5 15. Re2 a4 16. Rf1 a3 17. Qa1 Rc8 18. Kh1 b6 19. Rfe1 Bc5 20. Bxf6 Qxf6 21. e5 Qh6 22. Nb3 Be7 23. Nd4 Bh4 24. Nxe6 fxe6 25. Rf1 Rf4 26. Qc1 Rcf8 27. Kg1 0-1

[Event "ITA-ch U20"]
[Site "Bratto"]
[Date "2006.08.27"]
[Round "9"]
[White "Gallucci, Alessio"]
[Black "Mereu, Matteo"]
[Result "0-1"]
[WhiteElo "1840"]
[BlackElo "1497"]
[PlyCount "78"]
[EventDate "2006.08.19"]
[EventType "swiss"]
[EventRounds "9"]
[EventCountry "ITA"]
[SourceTitle "CBM 113 Extra"]
[Source "ChessBase"]
[SourceDate "2006.09.14"]
[SourceVersion "1"]
[SourceVersionDate "2006.09.14"]
[SourceQuality "1"]

1. e4 e5 2. Nf3 f5 3. Nxe5 Qf6 4. Nc4 fxe4 5. Ne3 c6 6. d4 d5 7. c4 Bb4+ 8. Bd2 Bxd2+ 9. Qxd2 Ne7 10. Nc3 Be6 11. Be2 0-0 12. Rf1 Na6 13. 0-0-0 Nc7 14. Bg4 Ng6 15. Bxe6+ Qxe6 16. Ne2 b5 17. c5 a5 18. a3 a4 19. Nc2 Rae8 20. Qe3 Na6 21. Nb4 Nxb4 22. axb4 Ra8 23. Kc2 Rae8 24. h3 Qe7 25. Qg3 Rf6 26. Ra1 Ref8 27. Ra3 Qf7 28. f3 Ne7 29. Qh2 Nf5 30. g4 exf3 31. Rfxf3 Ne7 32. Rxf6 Qxf6 33. Re3 Ng6 34. Qc7 Rf7 35. Qb8+ Rf8 36. Qc7 Rf7 37. Qb8+ Rf8 38. Qc7 Nh4 39. Nf4 Qxf4 0-1

[Event "ITA-ch U20"]
[Site "Bratto"]
[Date "2006.08.19"]
[Round "1"]
[White "De Nisi, Mario"]
[Black "Mereu, Matteo"]
[Result "1-0"]
[WhiteElo "1974"]
[BlackElo "1497"]
[PlyCount "49"]
[EventDate "2006.08.19"]
[EventType "swiss"]
[EventRounds "9"]
[EventCountry "ITA"]
[SourceTitle "CBM 113 Extra"]
[Source "ChessBase"]
[SourceDate "2006.09.14"]
[SourceVersion "1"]
[SourceVersionDate "2006.09.14"]
[SourceQuality "1"]

1. c4 b5 2. d4 bxc4 3. e4 Bb7 4. Nc3 Nf6 5. d5 e6 6. Bxc4 Bb4 7. Qb3 Na6 8. f3 exd5 9. exd5 Qe7+ 10. Kd1 0-0-0 11. Nge2 c6 12. Bg5 Rhe8 13. Ne4 h6 14. Bxf6 gxf6 15. a3 Bc5 16. Qd3 Nb8 17. d6 Qe5 18. Rc1 Bb6 19. b4 f5 20. N4g3 Re6 21. Nxf5 c5 22. bxc5 Bxc5 23. f4 Qxf5 24. Qxf5 Rxd6+ 25. Bd3 1-0